00188nam a2200085 4500082000800000100001700008245003000025260003900055300000800094 a543 aBetteridge,D aModern analytical methods aLondonbthe chemical societyc1972 a226